Statistics for Five Highest-Rated FIFA 17 Players by Country #1

Click here to take the quiz!

General Stats

  • This quiz has been taken 1,140 times
    (1,065 since last reset)
  • The average score is 18 of 40

Answer Stats

Country#Answer% Correct
Brazil92Neymar
98%
Argentina93Lionel Messi
94%
Portugal94Cristiano Ronaldo
92%
Germany92Manuel Neuer
82%
Belgium88Kevin De Bruyne
78%
Belgium88Eden Hazard
75%
Brazil89Thiago Silva
72%
Spain87David Silva
65%
France88Antoine Griezmann
64%
France88Paul Pogba
63%
Belgium89Thibaut Courtois
63%
Argentina89Sergio Agüero
61%
Spain89Sergio Ramos
61%
Argentina87Ángel Di María
57%
France88Hugo Lloris
57%
Spain88Andres Iniesta
54%
Spain90David de Gea
51%
Germany90Jerome Boateng
50%
Portugal88Pepe
50%
Argentina88Gonzalo Higuaín
48%
France87Karim Benzema
43%
Brazil86Marcelo
41%
Germany88Phillip Lahm
39%
Brazil85Coutinho
35%
United States79Clint Dempsey
33%
Germany88Marco Reus
33%
Germany89Mesut Özil
33%
Belgium86Vincent Kompany
32%
Spain87Sergio Busquets
29%
United States81Tim Howard
28%
Portugal84Rui Patrício
24%
Belgium85Toby Alderweireld
22%
United States80Michael Bradley
13%
Portugal84William Carvalho
11%
France86Dimitri Payet
10%
Brazil86Miranda
9%
Portugal84Andre Gomes
7%
United States79John Brooks
7%
United States79Fabian Johnson
3%
Argentina85Nicolás Gaitán
3%

Score Distribution

Percentile by Number Answered

Percent of People with Each Score

Your Score History

You have not taken this quiz since the last reset